Swiss Super League Teams 24-25 - Statistics

General Stats
  • This quiz has been taken 51 times
  • The average score is 11 of 12
Answer Stats
Teams % Correct
BSC Young Boys
100%
FC Basel
100%
FC Zürich
98%
FC Sion
95%
FC Lausanne-Sport
93%
FC Lugano
88%
FC Luzern
86%
FC St. Gallen
86%
Servette FC
86%
FC Winterthur
79%
Grasshopper Club
77%
Yverdon-Sport FC
74%
No matching quizzes found
Score Distribution
Percent of People with Each Score
Percentile by Number Answered
Your Score History
You have not taken this quiz